| 000 | 00493 a2200169 4500 | ||
|---|---|---|---|
| 999 |
_c5910 _d5910 |
||
| 010 | _aENG-87067 | ||
| 020 |
_a8182180201 _c200.00 |
||
| 035 | _aEN-70600 | ||
| 037 | _bDBAD / PUB | ||
| 082 | _a338.7 | ||
| 100 | _aChaturvedi, Ila | ||
| 245 |
_aBusiness environment / _cby Ila Chaturvedi |
||
| 260 |
_aNew Delhi _bGalgotia Publishing _c2007 |
||
| 270 |
_a6A/4, WEA, Karol Bagh, _bNew Delhi _e110 005 |
||
| 300 |
_avii, 332p. _c23cm (pbk) |
||
| 942 |
_adpl _cEN _2ddc _h338.7 _mCHA |
||